[Event "32. Potsdamer Weihnachtsturnier"]
[Site "MyTown"]
[Date "2007.12.30"]
[Round "7.1"]
[White "Figura, Atila Gajo"]
[Black "Brüdigam, Martin"]
[Result "1/2-1/2"]
[WhiteElo "2414"]
[BlackElo "2197"]
[PlyCount "21"]
[EventDate "2007.??.??"]

1. d4 Nf6 2. c4 c5 3. d5 e6 4. Nc3 exd5 5. cxd5 d6 6. e4 g6 7. Nf3 Bg7 8. Bd3
O-O 9. h3 Na6 10. O-O Nc7 11. Re1 1/2-1/2

[Event "32. Potsdamer Weihnachtsturnier"]
[Site "MyTown"]
[Date "2007.12.30"]
[Round "7.2"]
[White "Rietze, Clemens"]
[Black "Reichenbach, Werner"]
[Result "1/2-1/2"]
[WhiteElo "2083"]
[BlackElo "2335"]
[PlyCount "23"]
[EventDate "2007.??.??"]

1. d4 Nf6 2. c4 e6 3. Nf3 b6 4. a3 Bb7 5. Nc3 d5 6. cxd5 Nxd5 7. Qc2 Be7 8. e4
Nxc3 9. bxc3 O-O 10. Bd3 c5 11. O-O Nc6 12. Be3 1/2-1/2

[Event "32. Potsdamer Weihnachtsturnier"]
[Site "MyTown"]
[Date "2007.12.30"]
[Round "7.3"]
[White "Schöne, Ralf"]
[Black "Püschel, Werner"]
[Result "1/2-1/2"]
[WhiteElo "2324"]
[BlackElo "2177"]
[PlyCount "66"]
[EventDate "2007.??.??"]

1. d4 Nf6 2. Nf3 e6 3. c4 b6 4. Nc3 Bb7 5. Qc2 Bb4 6. a3 Bxc3+ 7. Qxc3 d6 8. e3
Ne4 9. Qc2 O-O 10. Bd3 f5 11. O-O Nd7 12. Ne1 Qe7 13. f3 Nef6 14. b4 a5 15. b5
c5 16. bxc6 Bxc6 17. Rb1 d5 18. cxd5 Bxd5 19. e4 Rfc8 20. Qe2 fxe4 21. fxe4 Bb7
22. Nf3 Rc3 23. e5 Nd5 24. Bd2 Rxd3 25. Qxd3 Ba6 26. Qe4 Bxf1 27. Ng5 Nf8 28.
Rxf1 Ng6 29. Qg4 Re8 30. Nxh7 Nxe5 31. dxe5 Kxh7 32. h4 Kg8 33. Qg6 Rf8 1/2-1/2

[Event "32. Potsdamer Weihnachtsturnier"]
[Site "MyTown"]
[Date "2007.12.30"]
[Round "7.4"]
[White "Pohl, Mathias"]
[Black "Holzschuh, Stephan"]
[Result "0-1"]
[WhiteElo "2059"]
[BlackElo "2297"]
[PlyCount "79"]
[EventDate "2007.??.??"]

1. d4 Nf6 2. c4 c5 3. e3 cxd4 4. exd4 d5 5. cxd5 Nxd5 6. Nc3 g6 7. Bb5+ Nc6 8.
Bxc6+ bxc6 9. Nge2 Bg7 10. O-O O-O 11. Bg5 Rb8 12. Qd2 Re8 13. Rac1 Qa5 14.
Rfe1 Ba6 15. Be3 Bxe2 16. Rxe2 Nxe3 17. fxe3 Red8 18. Qc2 c5 19. Kh1 cxd4 20.
exd4 e6 21. Na4 Rxd4 22. b3 Rbd8 23. h3 Rd2 24. Qe4 Rxe2 25. Qxe2 Qd2 26. Re1
Qf4 27. Rf1 Qg3 28. Rf3 Qg5 29. Rf1 Qg3 30. Rf3 Qc7 31. Rf1 e5 32. Nb2 e4 33.
Nc4 f5 34. Rd1 h5 35. Rd2 Bf6 36. Qd1 Kg7 37. Rd5 f4 38. Kg1 Qc5+ 39. Rxc5
Rxd1+ 40. Kf2 0-1

[Event "32. Potsdamer Weihnachtsturnier"]
[Site "MyTown"]
[Date "2007.12.30"]
[Round "7.5"]
[White "Mantau, Jan"]
[Black "Lenhardt, Manfred"]
[Result "1-0"]
[WhiteElo "2230"]
[BlackElo "2155"]
[PlyCount "49"]
[EventDate "2007.??.??"]

1. e4 e6 2. d4 d5 3. Nc3 dxe4 4. Nxe4 Nd7 5. Nf3 Ngf6 6. Nxf6+ Nxf6 7. Bg5 Be7
8. Bd3 c5 9. dxc5 Bxc5 10. Qe2 Qc7 11. O-O-O Be7 12. Bb5+ Kf8 13. Kb1 h6 14.
Bh4 a6 15. Ba4 g6 16. Ne5 Kg7 17. f4 Rd8 18. g4 Nd5 19. Bg3 Qb6 20. Rd3 Nb4 21.
Rxd8 Bxd8 22. f5 Nd5 23. Bb3 Qe3 24. Qd1 Qc5 25. c4 1-0

[Event "32. Potsdamer Weihnachtsturnier"]
[Site "MyTown"]
[Date "2007.12.30"]
[Round "7.6"]
[White "Schulz, Wolfgang"]
[Black "Hein, Carsten"]
[Result "0-1"]
[WhiteElo "2173"]
[BlackElo "2133"]
[PlyCount "78"]
[EventDate "2007.??.??"]

1. e4 c5 2. Nf3 d6 3. d4 cxd4 4. Nxd4 Nf6 5. Nc3 a6 6. Be3 Ng4 7. Qd2 Nxe3 8.
Qxe3 e6 9. O-O-O Be7 10. f4 Bd7 11. Kb1 O-O 12. Bc4 b5 13. Bb3 b4 14. Na4 Nc6
15. f5 Nxd4 16. Qxd4 Bxa4 17. Bxa4 Qa5 18. Bb3 exf5 19. exf5 Qxf5 20. Qxb4 a5
21. Qb7 Bf6 22. Bxf7+ Kh8 23. Qd5 Qf4 24. b3 a4 25. Rd3 axb3 26. cxb3 Qf2 27.
Rd2 Qe3 28. Rc2 Rac8 29. Rhc1 Rxc2 30. Rxc2 Be5 31. h3 Qg1+ 32. Rc1 Qf2 33. Rc2
Qf1+ 34. Rc1 Qf5+ 35. Rc2 Rxf7 36. a4 Rf8 37. a5 Qf1+ 38. Rc1 Qe2 39. Rc2 Rf1+
0-1

[Event "32. Potsdamer Weihnachtsturnier"]
[Site "MyTown"]
[Date "2007.12.30"]
[Round "7.7"]
[White "Welz, Dr. Peter"]
[Black "Schmidt, David"]
[Result "1/2-1/2"]
[WhiteElo "2139"]
[BlackElo "1972"]
[PlyCount "111"]
[EventDate "2007.??.??"]

1. e4 c5 2. d4 cxd4 3. c3 dxc3 4. Nxc3 Nc6 5. Nf3 e6 6. Bf4 a6 7. Bc4 b5 8. Bb3
Nge7 9. O-O Ng6 10. Bg3 Na5 11. Bc2 Be7 12. Qe2 f6 13. h4 e5 14. Nd5 Bb7 15. h5
Nf8 16. Nh4 g6 17. Rad1 Rc8 18. Bb1 Nc4 19. b3 Na3 20. Bd3 Rg8 21. h6 Ne6 22.
f4 Nd4 23. Qb2 Nac2 24. fxe5 fxe5 25. Bxe5 Bxd5 26. Bxd4 Nxd4 27. exd5 Bc5 28.
Rf2 Qxh4 29. Re1+ Ne6 30. dxe6 Qxf2+ 31. Qxf2 Bxf2+ 32. Kxf2 Ke7 33. exd7+ Kxd7
34. a4 Rc3 35. Rd1 Kc6 36. axb5+ axb5 37. Be4+ Kc7 38. Rd3 Rxd3 39. Bxd3 Kb6
40. g4 g5 41. Ke3 Re8+ 42. Kd4 Rd8+ 43. Ke3 Kc5 44. Bxh7 Rh8 45. Bd3 Rxh6 46.
Ke4 Rf6 47. Ke5 Rf4 48. Bf5 Kb4 49. Kf6 Kxb3 50. Kxg5 Rf2 51. Kg6 Kc4 52. g5
Kd5 53. Kf6 b4 54. g6 Rg2 55. g7 Rxg7 56. Kxg7 1/2-1/2

[Event "32. Potsdamer Weihnachtsturnier"]
[Site "MyTown"]
[Date "2007.12.30"]
[Round "7.8"]
[White "Blomel, Christopher"]
[Black "Schrodt, Sebastian"]
[Result "1-0"]
[WhiteElo "1839"]
[BlackElo "1764"]
[PlyCount "119"]
[EventDate "2007.??.??"]

1. e4 e5 2. f4 exf4 3. Nf3 g5 4. Bc4 Bg7 5. O-O d6 6. d4 Be6 7. d5 Bg4 8. c3
Nd7 9. Be2 Bxf3 10. Bxf3 Ne5 11. Nd2 Nf6 12. Be2 Qe7 13. Nf3 Nxf3+ 14. Bxf3 O-O
15. h4 h6 16. Re1 Nd7 17. Qb3 Nc5 18. Qc2 Rae8 19. b4 Nd7 20. Bd2 Ne5 21. Be2
Qf6 22. Rf1 Qg6 23. h5 Qf6 24. Rf2 Qe7 25. Re1 Nd7 26. Qa4 Nb6 27. Qxa7 Ra8 28.
Qxb7 Rxa2 29. Bb5 Rxd2 30. Rxd2 Bxc3 31. Rde2 Bxe1 32. Rxe1 f5 33. Bd3 Re8 34.
Re2 f3 35. gxf3 Qe5 36. Qxc7 Qg3+ 37. Rg2 Qe1+ 38. Kh2 Nxd5 39. Qc4 Qh4+ 40.
Kg1 Re5 41. Qc8+ Kf7 42. Qd7+ Ne7 43. Qxd6 Qe1+ 44. Bf1 Re6 45. Qd2 Qxd2 46.
Rxd2 Rb6 47. b5 fxe4 48. fxe4 Ke6 49. Kf2 Ng8 50. Bc4+ Ke5 51. Bxg8 Kxe4 52.
Bd5+ Kf4 53. Bc6 g4 54. Ra2 Kg5 55. Ra6 Rb8 56. b6 Rf8+ 57. Kg2 Kh4 58. b7 g3
59. Ra4+ Kxh5 60. Ra8 1-0

[Event "32. Potsdamer Weihnachtsturnier"]
[Site "MyTown"]
[Date "2007.12.30"]
[Round "7.9"]
[White "Schmidt, Prof. Jörg"]
[Black "Friedrich, Jan"]
[Result "1-0"]
[WhiteElo "2117"]
[BlackElo "2160"]
[PlyCount "69"]
[EventDate "2007.??.??"]

1. e4 c5 2. Nf3 d6 3. Bb5+ Bd7 4. Bxd7+ Qxd7 5. c4 Nf6 6. Nc3 Nc6 7. d4 cxd4 8.
Nxd4 e6 9. O-O Be7 10. f3 O-O 11. Be3 a6 12. Rf2 Qc7 13. b3 Ne5 14. Rc1 Rfe8
15. Rd2 Rac8 16. Rcc2 Qb8 17. Bf2 Bd8 18. Nde2 Bc7 19. a4 Nfd7 20. h3 Nc5 21.
Rc1 b6 22. Nd4 h6 23. Bg3 Qb7 24. Rb1 Qa8 25. Qe2 Ng6 26. Nc2 Rcd8 27. b4 Nb7
28. Rbd1 Rc8 29. f4 d5 30. e5 dxc4 31. Ne3 Bd8 32. Nxc4 Bh4 33. Bxh4 Nxh4 34.
Ne4 Qa7 35. Ncd6 1-0

[Event "32. Potsdamer Weihnachtsturnier"]
[Site "MyTown"]
[Date "2007.12.30"]
[Round "7.10"]
[White "Trenner, Rolf"]
[Black "Rackowiak, Hans"]
[Result "1-0"]
[WhiteElo "2261"]
[BlackElo "1964"]
[PlyCount "61"]
[EventDate "2007.??.??"]

1. d4 Nf6 2. c4 g6 3. Nc3 d5 4. cxd5 Nxd5 5. e4 Nxc3 6. bxc3 Bg7 7. Bc4 O-O 8.
Ne2 c5 9. O-O cxd4 10. cxd4 Nc6 11. Be3 Na5 12. Bd3 Bg4 13. Rc1 Bxe2 14. Bxe2
e6 15. Qa4 a6 16. Rfd1 Nc6 17. d5 exd5 18. exd5 Ne5 19. Qb3 b5 20. a4 bxa4 21.
Qxa4 a5 22. Bc5 Qd7 23. Bb5 Qf5 24. Bxf8 Bxf8 25. h3 Bh6 26. Rc3 Bf8 27. d6 Qf6
28. Qd4 Bg7 29. Qd5 Rd8 30. d7 Nxd7 31. Rf3 1-0

[Event "32. Potsdamer Weihnachtsturnier"]
[Site "MyTown"]
[Date "2007.12.30"]
[Round "7.11"]
[White "Langner, Tobias"]
[Black "Peschke, Uwe"]
[Result "0-1"]
[WhiteElo "2004"]
[BlackElo "2144"]
[PlyCount "60"]
[EventDate "2007.??.??"]

1. e4 d5 2. exd5 Qxd5 3. Nc3 Qa5 4. d4 Nf6 5. Nf3 c6 6. Bc4 Bf5 7. O-O e6 8.
Re1 Nbd7 9. Bd2 Qc7 10. Qe2 Nb6 11. Bb3 O-O-O 12. a4 Bg4 13. a5 Nbd5 14. Nxd5
exd5 15. Qd3 Ne4 16. c3 Bxf3 17. gxf3 Nxd2 18. Qxd2 Bd6 19. h3 Qd7 20. Qg5 Qxh3
21. Qg4+ Qxg4+ 22. fxg4 h5 23. gxh5 Rxh5 24. Bd1 Rg5+ 25. Kf1 Rh8 26. Bf3 Kc7
27. Ke2 Rf5 28. Bg4 Rf4 29. Rg1 f5 30. Bxf5 Re8+ 0-1

[Event "32. Potsdamer Weihnachtsturnier"]
[Site "MyTown"]
[Date "2007.12.30"]
[Round "7.12"]
[White "Stratonowitsch, Andre"]
[Black "Zschäbitz, Klaus"]
[Result "1/2-1/2"]
[WhiteElo "2008"]
[BlackElo "2101"]
[PlyCount "136"]
[EventDate "2007.??.??"]

1. e4 e6 2. d4 d5 3. Nc3 Bb4 4. e5 c5 5. a3 Bxc3+ 6. bxc3 Nc6 7. Qg4 g6 8. Nf3
Qa5 9. Bd2 Qa4 10. Ra2 b6 11. Bd3 Ba6 12. O-O Bxd3 13. cxd3 c4 14. Ng5 h6 15.
Nh3 cxd3 16. Nf4 Qc4 17. Rb2 g5 18. Qg3 Nge7 19. Nxd3 Kd7 20. Nb4 Raf8 21. Re1
Na5 22. Qf3 Qc8 23. Qd1 Kc7 24. Qa4 Qd7 25. Na6+ Kd8 26. Rb5 Nc4 27. Bc1 Nc6
28. Nb4 Nxb4 29. Qxb4 a6 30. Rxb6 Nxb6 31. Qxb6+ Qc7 32. Qxa6 Re8 33. a4 Kd7
34. Ba3 Rb8 35. Bd6 Rb6 36. Qd3 Qc4 37. Qxc4 dxc4 38. Bb4 Kc6 39. Kf1 Ra8 40.
a5 Rba6 41. Ra1 Kd5 42. Ke2 h5 43. Ke3 Rg8 44. f3 Rg6 45. Be7 Ra7 46. a6 Rg8
47. Bc5 Raa8 48. a7 Kc6 49. Ra4 g4 50. f4 Kd5 51. Ra6 Rgd8 52. Bd6 f5 53. Bb8
h4 54. g3 h3 55. Rd6+ Rxd6 56. exd6 Rxa7 57. Bxa7 Kxd6 58. d5 Kxd5 59. Bb6 Kc6
60. Kd4 Kxb6 61. Ke5 Ka5 62. Kxe6 Ka4 63. Kxf5 Kb3 64. Ke4 Kxc3 65. f5 Kb3 66.
f6 c3 67. f7 c2 68. f8=Q c1=Q {und später} 1/2-1/2

[Event "32. Potsdamer Weihnachtsturnier"]
[Site "MyTown"]
[Date "2007.12.30"]
[Round "7.13"]
[White "Schlüter, Bernd"]
[Black "Bachran, Boris"]
[Result "1-0"]
[WhiteElo "2083"]
[BlackElo "1932"]
[PlyCount "120"]
[EventDate "2007.??.??"]

1. d4 d5 2. Nf3 c6 3. c4 Nf6 4. Nc3 Be6 5. Bg5 Nbd7 6. e3 h6 7. Bh4 dxc4 8. a4
Qa5 9. Nd2 Qb4 10. Qc2 Bf5 11. Qc1 b5 12. Be2 g5 13. Bg3 g4 14. O-O h5 15. e4
Bg6 16. Bf4 e6 17. f3 e5 18. dxe5 Nxe5 19. Bxe5 Qc5+ 20. Kh1 Qxe5 21. f4 Qc5
22. f5 Bh7 23. e5 Qxe5 24. Bxc4 Be7 25. axb5 O-O 26. Re1 Qc7 27. bxc6 a6 28.
Qc2 Bd6 29. Nf1 h4 30. Ne4 Be5 31. Nxf6+ Bxf6 32. Rad1 h3 33. Bd5 hxg2+ 34.
Bxg2 Qf4 35. Ng3 Rac8 36. Qd2 Qxd2 37. Rxd2 Bh4 38. Ra1 Bxg3 39. hxg3 Bxf5 40.
Rxa6 Rc7 41. Rb6 Ra7 42. Kg1 Ra1+ 43. Kf2 Ra2 44. c7 Ra5 45. Rd8 Rc5 46. Rc6
Rb5 47. Rxf8+ Kxf8 48. c8=Q+ Bxc8 49. Rxc8+ Kg7 50. Rc2 f5 51. Bf1 Rb4 52. Bc4
Kf6 53. b3 Rb8 54. Re2 Kg5 55. Re7 Kf6 56. Re6+ Kg5 57. Ke3 Rh8 58. Kd4 Rh1 59.
Bd3 Rh8 60. b4 Rd8+ {und später} 1-0

[Event "32. Potsdamer Weihnachtsturnier"]
[Site "MyTown"]
[Date "2007.12.30"]
[Round "7.14"]
[White "Lindemann, Frank"]
[Black "Illner, Kristof"]
[Result "0-1"]
[WhiteElo "2034"]
[BlackElo "2028"]
[PlyCount "98"]
[EventDate "2007.??.??"]

1. e4 e5 2. Nf3 Nc6 3. d4 exd4 4. Bc4 Nf6 5. Ng5 Ne5 6. Qxd4 Qe7 7. Nc3 Qc5 8.
Qxc5 Bxc5 9. Bb3 h6 10. f4 hxg5 11. fxe5 Ng4 12. Bxg5 Nxe5 13. O-O-O d6 14. h3
Bd7 15. Nd5 Bb6 16. Rhf1 Bc6 17. Bf4 f6 18. a4 Rh4 19. Bd2 Rxe4 20. a5 Bxd5 21.
Bxd5 Ra4 22. b3 Ra1+ 23. Kb2 Bd4+ 24. c3 Rxd1 25. Rxd1 Bf2 26. Bxb7 Rb8 27. a6
Nd3+ 28. Kc2 Nc5 29. Rf1 Nxb7 30. Rxf2 Nc5 31. Be3 Nxa6 32. Bxa7 Ra8 33. Bd4
Nb8 34. Kd3 Nc6 35. b4 Kd7 36. Rf3 Ne5+ 37. Bxe5 dxe5 38. Kc4 Ke6 39. Kc5 Ra6
40. h4 e4 41. Rg3 Ke5 42. h5 f5 43. Rxg7 e3 44. b5 Re6 45. Rg3 e2 46. Re3+ Kf6
47. Rxe2 Rxe2 48. Kc6 Rxg2 49. Kxc7 Rc2 0-1

[Event "32. Potsdamer Weihnachtsturnier"]
[Site "MyTown"]
[Date "2007.12.30"]
[Round "7.15"]
[White "Zimmermann, Renè"]
[Black "Bernhöft, Erhard"]
[Result "0-1"]
[WhiteElo "1917"]
[BlackElo "2031"]
[PlyCount "74"]
[EventDate "2007.??.??"]

1. d4 g6 2. e4 Bg7 3. c3 d6 4. Be3 Nd7 5. Nf3 c6 6. Nbd2 Qc7 7. Qb3 e6 8. Bf4
e5 9. dxe5 dxe5 10. Be3 Nh6 11. h3 Nb6 12. Bxb6 axb6 13. h4 Bf6 14. Qb4 Be7 15.
Qb3 Ng4 16. Be2 Bc5 17. O-O O-O 18. Ng5 h6 19. Nxf7 Rxf7 20. Bc4 b5 21. Bxf7+
Qxf7 22. Qxf7+ Kxf7 23. g3 Be6 24. a3 Ke7 25. Kg2 Rf8 26. Nf3 Bc4 27. Rae1
Bxf1+ 28. Rxf1 Rd8 29. h5 g5 30. Rc1 Bxf2 31. Kh3 Be3 32. Re1 Nf2+ 33. Kg2 Bc5
34. Nxe5 Rd2 35. Kf3 Ke6 36. Ng6 g4+ 37. Kf4 Nd3+ 0-1

[Event "32. Potsdamer Weihnachtsturnier"]
[Site "MyTown"]
[Date "2007.12.30"]
[Round "7.16"]
[White "Schirrmacher, Carsten"]
[Black "Binder, Thomas"]
[Result "1/2-1/2"]
[WhiteElo "2021"]
[BlackElo "1832"]
[PlyCount "47"]
[EventDate "2007.??.??"]

1. d4 d5 2. c4 c6 3. cxd5 cxd5 4. Nc3 Nc6 5. Bf4 Bf5 6. e3 e6 7. Nf3 Nf6 8. Bb5
Bd6 9. Ne5 Bxe5 10. Bxe5 O-O 11. Bg3 Qa5 12. O-O Rac8 13. a3 Qb6 14. Bd6 Rfe8
15. Rc1 Ne4 16. Bxc6 Rxc6 17. Bb4 Rec8 18. Nxe4 Rxc1 19. Qxc1 Rxc1 20. Rxc1 h6
21. Nd6 a5 22. Nc8 Qb5 23. Nd6 Qb6 24. Nc8 1/2-1/2

[Event "32. Potsdamer Weihnachtsturnier"]
[Site "MyTown"]
[Date "2007.12.30"]
[Round "7.17"]
[White "Schilling, Florian"]
[Black "Platzek, Janine"]
[Result "1-0"]
[WhiteElo "2003"]
[BlackElo "2039"]
[PlyCount "91"]
[EventDate "2007.??.??"]

1. b3 Nf6 2. c4 c5 3. g3 Nc6 4. Bg2 d6 5. Bb2 e5 6. Nc3 Be6 7. e3 Be7 8. Nge2
Qd7 9. O-O Bh3 10. d4 Bxg2 11. Kxg2 cxd4 12. exd4 O-O 13. Qd3 exd4 14. Nxd4 Ne5
15. Qf5 Rfd8 16. Rad1 a6 17. Qxd7 Rxd7 18. Nf5 Bf8 19. Na4 Rb8 20. Nb6 Rdd8 21.
c5 Ned7 22. Nxd7 Rxd7 23. cxd6 Ne8 24. Ba3 Rbd8 25. Rd3 f6 26. Rfd1 g6 27. Ne7+
Kf7 28. Nd5 b5 29. Nc7 Bxd6 30. Nxa6 Ra7 31. Bxd6 Rxa6 32. Bf4 Rc8 33. Rd7+ Ke6
34. Rb7 g5 35. Re1+ Kf5 36. Rxb5+ Kg6 37. Be3 Rxa2 38. b4 Rcc2 39. Rc5 Nd6 40.
Rxc2 Rxc2 41. Rc1 Rb2 42. Rc6 Nb5 43. Bc5 Kf7 44. Rb6 Nc3 45. Bd4 Nd5 46. Rb7+
1-0

[Event "32. Potsdamer Weihnachtsturnier"]
[Site "MyTown"]
[Date "2007.12.30"]
[Round "7.21"]
[White "Köckeritz, Dieter"]
[Black "Karunaharamoorthy, Achudhan"]
[Result "1/2-1/2"]
[WhiteElo "1580"]
[BlackElo "1877"]
[PlyCount "45"]
[EventDate "2007.??.??"]

1. Nf3 d5 2. d4 Nf6 3. Bf4 e6 4. e3 Bd6 5. Bxd6 Qxd6 6. a3 b6 7. Bd3 c5 8. dxc5
bxc5 9. Bb5+ Bd7 10. Bxd7+ Nbxd7 11. c4 O-O 12. O-O Ne5 13. Nbd2 Rfd8 14. Qc2
Rab8 15. Rab1 Rb7 16. Nxe5 Qxe5 17. Nf3 Qc7 18. Rfd1 Rdb8 19. cxd5 exd5 20.
Rdc1 Rc8 21. Qf5 Rcb8 22. Qc2 Ne4 23. Nd2 1/2-1/2

[Event "32. Potsdamer Weihnachtsturnier"]
[Site "MyTown"]
[Date "2007.12.30"]
[Round "7.22"]
[White "Göpel, Martin"]
[Black "Jäger, Marco"]
[Result "1/2-1/2"]
[WhiteElo "1732"]
[BlackElo "1867"]
[PlyCount "103"]
[EventDate "2007.??.??"]

1. e4 g6 2. d4 Bg7 3. c4 d6 4. Nc3 Nf6 5. Nf3 O-O 6. Be2 e5 7. dxe5 dxe5 8.
Qxd8 Rxd8 9. Bg5 Re8 10. O-O-O c6 11. Nxe5 Nxe4 12. Nxe4 Bxe5 13. f4 Bg7 14.
Bf3 Na6 15. Nd6 Re3 16. Nxc8 Rxc8 17. Rhe1 Ree8 18. a3 Nc5 19. Rxe8+ Rxe8 20.
Bh4 Nb3+ 21. Kb1 Nd4 22. Bf2 Nxf3 23. gxf3 Bxb2 24. Bxa7 Bxa3 25. Rd7 b5 26.
cxb5 cxb5 27. Rd5 b4 28. f5 gxf5 29. Rxf5 h6 30. Bc5 Re1+ 31. Kc2 Re2+ 32. Kb3
Rxh2 33. Bxb4 Bxb4 34. Kxb4 Kg7 35. Kc4 Kg6 36. Rf4 f5 37. Kd3 h5 38. Ra4 Kg5
39. Ke3 h4 40. Ra5 h3 41. f4+ Kg4 42. Ra8 Rb2 43. Rg8+ Kh5 44. Rh8+ Kg6 45. Kf3
Rb3+ 46. Kf2 Kf6 47. Rh6+ Ke7 48. Kg1 Rf3 49. Kh2 Rxf4 50. Kxh3 Rg4 51. Ra6 Rg8
52. Kh2 1/2-1/2

[Event "32. Potsdamer Weihnachtsturnier"]
[Site "MyTown"]
[Date "2007.12.30"]
[Round "7.23"]
[White "Schulz, Alfred"]
[Black "Schrodt, Horst"]
[Result "0-1"]
[WhiteElo "1516"]
[BlackElo "1670"]
[PlyCount "146"]
[EventDate "2007.??.??"]

1. d4 d5 2. c4 c6 3. Nc3 Nf6 4. Nf3 Bf5 5. Qb3 Qb6 6. cxd5 Qxb3 7. axb3 Nxd5 8.
e4 Nxc3 9. exf5 Nd5 10. Bc4 Nd7 11. Bd2 g6 12. fxg6 hxg6 13. O-O e6 14. Rfe1
N7b6 15. Ne5 Bb4 16. Red1 Bxd2 17. Rxd2 Ke7 18. g3 a6 19. Bd3 Rh6 20. h4 Rah8
21. Rad1 Rg8 22. Nf3 Nc8 23. Re1 Nd6 24. Rde2 Nc7 25. Ng5 Kd7 26. Ne4 Nxe4 27.
Bxe4 g5 28. hxg5 Rxg5 29. Bg2 Rb5 30. Re3 Rb4 31. Rd1 Rg6 32. f4 Rf6 33. Be4
Nb5 34. Red3 Nd6 35. Re1 Rh6 36. Kg2 Rh5 37. Bf3 Rhb5 38. Bd1 Rd5 39. Bc2 Rbxd4
40. Red1 Rxd3 41. Rxd3 Ke7 42. Kf3 Nb5 43. Ke3 Kf6 44. g4 Nc7 45. g5+ Ke7 46.
Rc3 Rd8 47. Be4 Nd5+ 48. Bxd5 cxd5 49. Rc7+ Rd7 50. Rc8 Kd6 51. Kd4 Rc7 52. Rf8
Ke7 53. Rb8 Kd6 54. Rd8+ Kc6 55. Ke5 Rd7 56. Rc8+ Kb5 57. g6 fxg6 58. Kxe6 Rh7
59. Kxd5 Rh5+ 60. Ke6 Kb4 61. Rc4+ Kxb3 62. Re4 b5 63. Kf6 a5 64. Kxg6 Rh4 65.
Re3+ Kxb2 66. f5 b4 67. Rf3 Rc4 68. Kf7 a4 69. Ke7 a3 70. f6 a2 71. Rf2+ Rc2
72. Rf4 b3 73. f7 Rc7+ 0-1

[Event "32. Potsdamer Weihnachtsturnier"]
[Site "MyTown"]
[Date "2007.12.30"]
[Round "7.24"]
[White "Wiezer, Siegfried"]
[Black "Sonntag, Sven"]
[Result "0-1"]
[WhiteElo "2065"]
[BlackElo "1894"]
[PlyCount "86"]
[EventDate "2007.??.??"]

1. d4 d5 2. Nf3 Nf6 3. Bg5 h6 4. Bh4 g5 5. Bg3 Bg7 6. e3 Ne4 7. Ne5 h5 8. f3 h4
9. Bf2 Nxf2 10. Kxf2 Nd7 11. Nxd7 Bxd7 12. Nd2 e5 13. c3 Qf6 14. Qb3 Qb6 15.
Qxb6 axb6 16. Nb3 Be6 17. Bd3 O-O 18. g3 h3 19. dxe5 Bxe5 20. f4 Bf6 21. f5 Bd7
22. Kf3 c5 23. Bc2 Bc6 24. e4 dxe4+ 25. Bxe4 Bxe4+ 26. Kxe4 Ra4+ 27. Kf3 g4+
28. Kf2 Re4 29. Rae1 Rfe8 30. Rxe4 Rxe4 31. Re1 Rxe1 32. Kxe1 Be5 33. Kf2 Kg7
34. Nd2 Kf6 35. Nc4 Kxf5 36. Nxb6 Ke6 37. Nc4 Bc7 38. Ne3 f5 39. c4 Be5 40. b3
Bd4 41. Ke2 Ke5 42. Kd3 f4 43. Nf1 fxg3 0-1

[Event "32. Potsdamer Weihnachtsturnier"]
[Site "MyTown"]
[Date "2007.12.30"]
[Round "7.25"]
[White "Schiffermüller, Stefan"]
[Black "Allgaier, Erik"]
[Result "0-1"]
[WhiteElo "1964"]
[BlackElo "2060"]
[PlyCount "60"]
[EventDate "2007.??.??"]

1. e4 d6 2. d4 g6 3. Nc3 Nf6 4. Nf3 c6 5. Bg5 Qa5 6. Bd3 Bg4 7. Be3 Bg7 8. O-O
O-O 9. h3 Bxf3 10. Qxf3 Nbd7 11. a3 b5 12. Rfd1 a6 13. Qe2 e5 14. dxe5 dxe5 15.
Na2 Qc7 16. f3 Nh5 17. c4 Nf4 18. Qc2 Qb7 19. Bf1 Rfd8 20. Nc3 Nf8 21. Qf2 N8e6
22. Rac1 Qe7 23. cxb5 axb5 24. Na2 Rxd1 25. Rxd1 Rd8 26. Rc1 Nd4 27. Nb4 c5 28.
Bxd4 exd4 29. Nc6 Qg5 30. Nxd8 Nxh3+ 0-1

[Event "32. Potsdamer Weihnachtsturnier"]
[Site "MyTown"]
[Date "2007.12.30"]
[Round "7.26"]
[White "Hahn, Thomas"]
[Black "Grigoleit, Steven"]
[Result "0-1"]
[WhiteElo "1714"]
[BlackElo "1999"]
[PlyCount "60"]
[EventDate "2007.??.??"]

1. d4 Nf6 2. Bf4 g6 3. e3 Bg7 4. Nf3 d6 5. Bd3 O-O 6. Nbd2 c5 7. c3 Bg4 8. h3
Bxf3 9. Nxf3 cxd4 10. exd4 Nbd7 11. O-O Rc8 12. Qe2 a6 13. Rfe1 Re8 14. Rad1
Qa5 15. a3 Nd5 16. Bd2 Qc7 17. Qe4 N7f6 18. Qh4 e5 19. dxe5 dxe5 20. Bb1 Qb6
21. Bc1 Nxc3 22. Bxg6 Nxd1 23. Bxf7+ Kxf7 24. Rxd1 Rcd8 25. Re1 e4 26. Ng5+ Kg8
27. Nxe4 Nxe4 28. Rxe4 Rxe4 29. Qxe4 Rd1+ 30. Kh2 Rxc1 0-1

[Event "32. Potsdamer Weihnachtsturnier"]
[Site "MyTown"]
[Date "2007.12.30"]
[Round "7.29"]
[White "Aleanakian, Gabriel"]
[Black "Scholz, Robert"]
[Result "0-1"]
[WhiteElo "1650"]
[BlackElo "1914"]
[PlyCount "56"]
[EventDate "2007.??.??"]

1. Nf3 f5 2. e4 fxe4 3. Ng5 Nf6 4. d3 d5 5. dxe4 h6 6. e5 hxg5 7. exf6 gxf6 8.
Bd3 e6 9. Bg6+ Ke7 10. f4 gxf4 11. Bxf4 Bh6 12. Bg3 Nc6 13. Qf3 Qg8 14. Bh5 Qg5
15. Kf2 Ne5 16. h4 Qe3+ 17. Qxe3 Bxe3+ 18. Kxe3 Rxh5 19. Nd2 Ng4+ 20. Kd4 e5+
21. Kxd5 Bf5 22. Nf3 Rd8+ 23. Kc5 Ne3 24. Ne1 Bxc2 25. Nxc2 e4+ 26. Kb4 Nxc2+
27. Kc4 b5+ 28. Kc3 Rc5+ 0-1

[Event "32. Potsdamer Weihnachtsturnier"]
[Site "MyTown"]
[Date "2007.12.30"]
[Round "7.31"]
[White "Hildebrandt, Stephan"]
[Black "Kaemmler, Florian"]
[Result "0-1"]
[WhiteElo "1559"]
[BlackElo "1612"]
[PlyCount "36"]
[EventDate "2007.??.??"]

1. d4 Nf6 2. Nf3 g6 3. c4 Bg7 4. Nc3 O-O 5. e4 d6 6. h3 c5 7. d5 Na6 8. Bg5 Nc7
9. Qc2 a6 10. Be2 h6 11. Be3 e6 12. Nd2 exd5 13. cxd5 b5 14. f4 Re8 15. g4
Nfxd5 16. Nf1 Nxc3 17. bxc3 Bb7 18. Bf3 Bxe4 0-1

[Event "32. Potsdamer Weihnachtsturnier"]
[Site "MyTown"]
[Date "2007.12.30"]
[Round "7.32"]
[White "Hoffmann, Axel"]
[Black "Steinkrauß, Thilo"]
[Result "0-1"]
[WhiteElo "1379"]
[BlackElo "1280"]
[PlyCount "65"]
[EventDate "2007.??.??"]

1. e4 e5 2. Nf3 Nf6 3. Nxe5 d6 4. Nf3 Nxe4 5. d4 d5 6. Bd3 Nf6 7. O-O Be7 8. c4
c6 9. Nc3 O-O 10. b3 Bg4 11. Bb2 Nbd7 12. Rc1 Nb6 13. cxd5 Nbxd5 14. Bb1 Bh5
15. Ne4 Qb6 16. Ng3 Bg6 17. Bxg6 fxg6 18. Ne5 Rad8 19. Qd3 Nd7 20. Nc4 Qc7 21.
Ne4 Nf4 22. Qe3 Nf6 23. Ng5 N6d5 24. Qe4 Bxg5 25. g3 Rde8 26. Ne5 Nh3+ 27. Kg2
Bxc1 28. Bxc1 Nxf2 29. Rxf2 Rxf2+ 30. Kxf2 Rf8+ 31. Kg2 Qe7 32. Qg4 Qf6 33. Ba3
0-1

[Event "32. Potsdamer Weihnachtsturnier"]
[Site "MyTown"]
[Date "2007.12.30"]
[Round "7.33"]
[White "Steppan, Siegfried"]
[Black "Pugliese, Roland"]
[Result "1/2-1/2"]
[WhiteElo "1583"]
[BlackElo "1447"]
[PlyCount "37"]
[EventDate "2007.??.??"]

1. d4 d5 2. c4 c6 3. Nf3 Nf6 4. Nc3 e6 5. e3 Bd6 6. c5 Be7 7. Bd3 Qc7 8. Ne5
Nfd7 9. f4 b6 10. b4 a5 11. cxb6 Qxb6 12. bxa5 Qxa5 13. Bd2 Qc7 14. O-O Ba6 15.
Bxa6 Rxa6 16. Qe2 Ra8 17. Rfc1 Nxe5 18. fxe5 Nd7 19. e4 1/2-1/2

[Event "32. Potsdamer Weihnachtsturnier"]
[Site "MyTown"]
[Date "2007.12.30"]
[Round "7.34"]
[White "Schröder, Helge"]
[Black "Rolfes, Leon"]
[Result "1/2-1/2"]
[WhiteElo "1601"]
[BlackElo "1016"]
[PlyCount "82"]
[EventDate "2007.??.??"]

1. e4 e5 2. Nf3 Nc6 3. Bb5 a6 4. Bxc6 dxc6 5. O-O Bd6 6. d3 Bg4 7. Bg5 Bxf3 8.
Bxd8 Bxd1 9. Bxc7 Bxc7 10. Rxd1 Rd8 11. Nd2 b5 12. a4 Ne7 13. axb5 axb5 14. Ra7
Bd6 15. Nf3 Bc5 16. Rc7 f6 17. Ra1 O-O 18. g3 Rc8 19. Rb7 Ra8 20. Rb1 Ra7 21.
Rxa7 Bxa7 22. Ra1 Bc5 23. Nd2 Kf7 24. Nb3 Bd6 25. Ra6 Rc8 26. Kf1 Ke8 27. Ke2
Kd7 28. Ke3 Rc7 29. f4 Nc8 30. d4 exf4+ 31. gxf4 Ra7 32. Rxa7+ Nxa7 33. Nd2 g5
34. fxg5 fxg5 35. e5 Be7 36. c3 Ke6 37. Ke4 h6 38. h3 Bf8 39. b3 Ba3 40. c4 Be7
41. Nf3 bxc4 1/2-1/2